Feasibility of using lime as a binder in granular base course (Record no. 551435)

000 -LEADER
fixed length control field 00459nam a22001577a 4500
082 ## - DEWEY DECIMAL CLASSIFICATION NUMBER
Classification number T-126
100 ## - MAIN ENTRY--PERSONAL NAME
Personal name Kamran Mushtaq
245 ## - TITLE STATEMENT
Title Feasibility of using lime as a binder in granular base course
Statement of responsibility, etc. Kamran Mushtaq
260 ## - PUBLICATION, DISTRIBUTION, ETC.
Place of publication, distribution, etc. Risalpur
Name of publisher, distributor, etc. MCE
Date of publication, distribution, etc. 2002
300 ## - PHYSICAL DESCRIPTION
Extent viii, 169 P, :
526 ## - STUDY PROGRAM INFORMATION NOTE
Program name 0
Interest level 0
Reading level 0
Title point value T_126
650 ## - SUBJECT ADDED ENTRY--TOPICAL TERM
Topical term or geographic name entry element Master of Science in Civil Engineering
650 ## - SUBJECT ADDED ENTRY--TOPICAL TERM
Topical term or geographic name entry element Thesis
9 (RLIN) 34811
700 ## - ADDED ENTRY--PERSONAL NAME
Personal name Dr Tajul Islam Yousafzai
9 (RLIN) 48518
942 ## - ADDED ENTRY ELEMENTS (KOHA)
Source of classification or shelving scheme
Koha item type Book
Holdings
Withdrawn status Lost status Source of classification or shelving scheme Damaged status Not for loan Permanent Location Current Location Date acquired Total Checkouts Full call number Barcode Date last seen Price effective from Koha item type Public note
          Military College of Engineering (MCE) Military College of Engineering (MCE) 12/12/2014   T-126 MCE-T-126 12/12/2014 12/12/2014 Book Thesis
© 2023 Central Library, National University of Sciences and Technology. All Rights Reserved.